000 00610nam a22002177a 4500
003 UA-OsUOA
001 75769
007 ta
008 20110531b un ||||| |||| 00| 0 ukr d
100 _aСікорська З.
090 _a81
_bС41
942 _cSA
040 _aUA-OsUOA
_bukr
_cUA-OsUOA
_dUA-OsUOA
245 _aДієслово у сфері професійного мовлення
300 _aС.30-35
955 _a0
041 _aukr
080 _a81
773 0 _w75765
650 7 _a8 Мовознавство. Художня література. Літературознавство
_2UDC
999 _c362066
_d362066